The noble scholar, jurist, historian


 His Excellency Dr. Abdul Wahhab bin Ibrahim Abu Sulaiman, may Allah have mercy on him.


 He was born in Umm Al-Qura in the year 1356 AH.

أثر اللغة في الاستنباطات الشرعية / (Record no. 1072)

MARC details
000 -LEADER
fixed length control field 02338cam a2200385 i 4500
003 - CONTROL NUMBER IDENTIFIER
control field SA-RiAUC
005 - DATE AND TIME OF LATEST TRANSACTION
control field 20241009131526.0
008 - FIXED-LENGTH DATA ELEMENTS--GENERAL INFORMATION
fixed length control field 241008s2011____ku g b f000 0 ara c
020 ## - INTERNATIONAL STANDARD BOOK NUMBER
International Standard Book Number 9789996642586
024 0# - OTHER STANDARD IDENTIFIER
Standard number or code 00000000971749
040 ## - CATALOGING SOURCE
Original cataloging agency KW-KcMOE
Language of cataloging ara
Transcribing agency SA-RiAUC
Modifying agency KW-KwMAI
Description conventions rda
050 #4 - LIBRARY OF CONGRESS CALL NUMBER
Item number .I47 2011
082 04 - DEWEY DECIMAL CLASSIFICATION NUMBER
Classification number 251.4
Assigning agency SA-RiAUC
090 ## - LOCALLY ASSIGNED LC-TYPE CALL NUMBER (OCLC); LOCAL CALL NUMBER (RLIN)
Classification number (OCLC) (R) ; Classification number, CALL (RLIN) (NR) 251.4
Local cutter number (OCLC) ; Book number/undivided call number, CALL (RLIN) ع م ر
100 1# - MAIN ENTRY--PERSONAL NAME
Personal name عمران، حمدي بخيت
Relator term مؤلف.
245 10 - TITLE STATEMENT
Title أثر اللغة في الاستنباطات الشرعية /
Statement of responsibility, etc. د. حمدي بخيت عمران.
264 #1 - PRODUCTION, PUBLICATION, DISTRIBUTION, MANUFACTURE, AND COPYRIGHT NOTICE
Place of production, publication, distribution, manufacture الصفاة، الكويت :
Name of producer, publisher, distributor, manufacturer وزارة الأوقاف والشؤون الإسلامية، قطاع الشؤون الثقافية، إدارة الثقافة الإسلامية،
Date of production, publication, distribution, manufacture, or copyright notice 2011.
300 ## - PHYSICAL DESCRIPTION
Extent 181 صفحة ؛
Dimensions 21 × 14 سم.
336 ## - CONTENT TYPE
Content type term نص
Content type code txt
Source rdacontent
Materials specified كتاب
337 ## - MEDIA TYPE
Media type term بدون وسيط
Media type code n
Source rdamedia
338 ## - CARRIER TYPE
Carrier type term مجلد
Carrier type code nc
Source rdacarrier
490 1# - SERIES STATEMENT
Series statement روافد.
-- مراجعات ؛
Volume/sequential designation 39
500 ## - GENERAL NOTE
General note الإخراج الفني : محمود محمد أبو الفضل.
504 ## - BIBLIOGRAPHY, ETC. NOTE
Bibliography, etc. note يشتمل على إرجاعات ببليوجرافية.
506 0# - RESTRICTIONS ON ACCESS NOTE
Terms governing access يهدى ولا يباع.
520 ## - SUMMARY, ETC.
Summary, etc. يتناول كتاب (أثر اللغة في الاستنباطات الشرعية) والذي قام بتأليفه د. حمدي بخيت عمران، موضوع (أثر اللغة) الكتاب يقدم مؤلفه دراسة تطبيقية قيمة تبرز أثر المفردات والتراكيب، في توجيه المعنى المراد من الآيات القرآنية والأحاديث الشريفة. وهي دراسة على إيجازها تقدم جهدا ييسر عملية إدراك دور التعامل اللغوي السليم، في الوصول إلى استنباط الحكم الشرعي المناسب، والترجيح بين الاختيارات الفقهية.
520 0# - SUMMARY, ETC.
Summary, etc. أصول الفقه.
650 #7 - SUBJECT ADDED ENTRY--TOPICAL TERM
Topical term or geographic name entry element الاستنباط (أصول فقه)
Source of heading or term aucsh
650 #7 - SUBJECT ADDED ENTRY--TOPICAL TERM
Topical term or geographic name entry element الإسلام واللغة العربية
Source of heading or term aucsh
830 #0 - SERIES ADDED ENTRY--UNIFORM TITLE
Uniform title روافد.
Name of part/section of a work مراجعات
Volume/sequential designation 39
856 4# - ELECTRONIC LOCATION AND ACCESS
Uniform Resource Identifier <a href="BOOKS/81">BOOKS/81</a>
942 ## - ADDED ENTRY ELEMENTS (KOHA)
Source of classification or shelving scheme Dewey Decimal Classification
Koha item type Books
Suppress in OPAC No
949 ## - LOCAL PROCESSING INFORMATION (OCLC)
a SA-JeALM
d 241008
u mohamedma123
n 1
Holdings
Withdrawn status Lost status Source of classification or shelving scheme Damaged status Not for loan Home library Current library Date acquired Total checkouts Full call number Barcode Date last seen Price effective from Koha item type
    Dewey Decimal Classification     DR AbdElwahab Library DR AbdElwahab Library 10/09/2024   251.4 ع م ر 000001479 10/09/2024 10/09/2024 Books
    Dewey Decimal Classification     DR AbdElwahab Library DR AbdElwahab Library 08/17/2025   251.4 ع م ر 000017731 08/17/2025 08/17/2025 Books